| 000 | 01519cam a2200385 a 4500 | ||
|---|---|---|---|
| 001 | 14432765 | ||
| 003 | OSt | ||
| 005 | 20260316101854.0 | ||
| 008 | 060629s2007 miu b 001 0 eng | ||
| 010 | _a 2006021587 | ||
| 020 |
_a0801031230 _qpbk. |
||
| 020 | _a9780801031236 | ||
| 035 | _a14432765 | ||
| 035 | _a(OCoLC)70267113 | ||
| 040 |
_aDLC _cDLC _dBAKER _dC#P _dBTCTA _dYDXCP _dDLC |
||
| 050 | 0 | 0 | _aBS1151.52 .L66 2007 |
| 082 | 0 | 0 |
_a016.2217 _222 |
| 100 | 1 |
_aLongman, Tremper, _cIII. |
|
| 245 | 1 | 0 |
_aOld Testament commentary survey / _cTremper Longman III. |
| 250 | _a4th ed. | ||
| 260 |
_aGrand Rapids, Mich. : _bBaker Academic, _cc2007. |
||
| 300 |
_a157 p. ; _c22 cm. |
||
| 336 |
_atext _btxt _2rdacontent |
||
| 337 |
_aunmediated _bn _2rdamedia |
||
| 338 |
_avolume _bnc _2rdacarrier |
||
| 504 | _aIncludes bibliographical references and index. | ||
| 630 | 0 | 0 |
_aBible. _pOld Testament _xCommentaries _vBibliography. |
| 630 | 0 | 0 |
_aBible. _pOld Testament _xCommentaries _xHistory and criticism. |
| 655 | 7 |
_aBibliographies. _2lcgft _0https://id.loc.gov/authorities/genreForms/gf2014026048 |
|
| 856 | 4 | 1 |
_3Table of contents only _uhttp://www.loc.gov/catdir/toc/ecip0616/2006021587.html |
| 906 |
_a7 _bcbc _corignew _d1 _eecip _f20 _gy-gencatlg |
||
| 942 |
_2lcc _cBK |
||
| 999 |
_c21431 _d21430 |
||